Morganville Vampire Characters Quiz Stats

 Plays Quiz not verified by Sporcle

Score 0/21 Timer 08:00
0 Plays Today
Characters Morganville % Correct
Owns coffee shopOliver
90.5%
Got into collage at 16Claire Danvers
90.1%
Boyfriend of 1Shane Collins
84.1%
Grandson of 8Michael Glass
80.8%
Girlfriend of 4Eve Rosser
79.4%
BitchMonica Morrell
74.7%
Main Character (boy) dadFrank Collins
71.5%
Main Character (girl) brotherJason Rosser
71.3%
EvilBishop
68.9%
Chief of Police Richard Morrell
66.4%
1's bossMyrnin
66.3%
Characters Morganville % Correct
The lover of 5Sam Glass
64%
Main Character (girl) dadMr Danver
50.9%
Main Character (girl) momMrs Danvers
49.8%
Follower of 13Gina
42%
Follower of 13Jennifer
40.7%
MayorMayor Morrell
39.6%
FounderAmelia
38.2%
EvilFrancois
34.9%
Nearly killed a main characterDean
34.1%
EvilYsandra
21.8%

You're not logged in!

Compare scores with friends on all Sporcle quizzes.
OR
Log In

Show Comments

Extras

Created Nov 6, 2010SourceReportNominate
Tags:character, vampire

Top Quizzes Today


Score Distribution

Your Account Isn't Verified!

In order to create a playlist on Sporcle, you need to verify the email address you used during registration. Go to your Sporcle Settings to finish the process.

Report this User

Report this user for behavior that violates our Community Guidelines.

Details: